| 000 | 00602aab a2200193 4500 | ||
|---|---|---|---|
| 001 | 768714001 | ||
| 003 | CO-MdFUSB | ||
| 005 | 20240614122609.0 | ||
| 008 | 170524s2000 cr ||||| |||| 00| 0 spa d | ||
| 022 | _a1409-1968 | ||
| 040 |
_aCO-MdFUSB _bspa _cCO-MdFUSB _dCO-MdFUSB |
||
| 041 | _aspa | ||
| 100 | 1 |
_aMcNaughton, Sheila vda de _eautor |
|
| 245 | 1 | 0 |
_aMujer a mujer _c/ Sheila vda de McNaughton |
| 650 | 0 |
_9326 _aMujeres _xAspectos religiosos _xCristianismo |
|
| 773 | 0 |
_tApuntes Pastorales _049442 _960163 _gVolumen 18, número 1 (2000), páginas 34-35 _qPágina 34 |
|
| 942 | _cANA | ||
| 945 | _aJTF-925 | ||
| 999 |
_c60153 _d60153 |
||